Overlapping Foursomes II Quiz Stats

 Plays Quiz Updated Aug 18, 2016

Challenge
Share
Tweet
Score 0/32 Timer 07:00
8 Plays Today
% Correct
Black
92.8%
Green
92.7%
Georgia
92.3%
Rose
92%
Virginia
91.7%
Jordan
91.7%
Chad
91.6%
Violet
91.4%
Arizona
91.4%
Daisy
91.2%
Washington
91%
Jasmine
90.6%
Butter
90.3%
Ivy
90%
Lavender
87.7%
Cole
87.1%
% Correct
Colby
85.8%
Navy
82.2%
Amelia
81.5%
Orange
81.2%
Cranberry
79.3%
Turkey
78.8%
Israel
77.1%
Dakota
72.7%
Salmon
68.3%
Cyan
67.8%
Lime
65.2%
Brazil Nut
64.4%
China
63.4%
Singapore
61%
Chile
59.3%
Samoa
43%

You're not logged in!

Compare scores with friends on all Sporcle quizzes.
Join for Free
OR
Log In

You Might Also Like...

Show Comments

Extras

Top Quizzes Today


Score Distribution

Your Account Isn't Verified!

In order to create a playlist on Sporcle, you need to verify the email address you used during registration. Go to your Sporcle Settings to finish the process.

Report this User

Report this user for behavior that violates our Community Guidelines.

Details: